Statistics for Alphabet of the Human Body

Click here to take the quiz!

General Stats

  • This quiz has been taken 75 times
  • The average score is 10 of 26

Answer Stats

HintLetterAnswer% Correct
Largest arteryAAorta
96%
Storage organ for urineBBladder
91%
Blood pumping organHHeart
91%
Largest boneFFemur
88%
Urine producing organKKidney
87%
Bile storage organGGallbladder
85%
Belly buttonNNavel
79%
Tail bone CCoccyx
72%
First section of the small intestineDDuodenum
60%
the rectus femoris, the vastus medialis, the vastus lateralis, and the vastus intermedius make up this muscle groupQQuadriceps
49%
YYY
37%
Second section of the small intestineJJejunum
25%
Hip boneIIlium
24%
Artery supplying the kidneys with bloodRRenal Artery
24%
White part of the eyeSSclera
19%
Cheek bone ZZygomatic Bone
15%
Sperm storage organEEpididymis
13%
Duct connecting the kidneys to the bladderUUreter
13%
Artery that runs through the back of the kneePPopliteal Artery
12%
Portion of the hind brain that controls autonomic functionsMMedulla Oblongata
10%
The paler tissue of the brain and spinal cord, consisting mainly of nerve fibres with their myelin sheathsWWhite Matter
10%
Cranial nerve XVVagus Nerve
7%
cartilaginous extension below the sternumXXiphoid Process
7%
Tear ductsLLacrimal Glands
6%
Cross over of nerves from the eyesOOptic Chiasm
4%
Cranial nerve IVTTrochlear Nerve
3%

Score Distribution

Percentile by Number Answered

Percent of People with Each Score

Your Score History

You have not taken this quiz